000 01256nam a22002777a 4500
999 _c165730
_d165730
005 20190823162033.0
010 _aHIN-116376
020 _c795.00
_a9789388753012
035 _aHN-88722
037 _bDBAD
037 _bराजकमल प्रकाशन
082 _a920
_bजोशीज्यो
100 _aजोशी ,ज्योतिष
245 _aअनासक्त आस्तिक :जैनेन्द्र कुमार की जीवनी /
_cज्योतिष जोशी
246 _aAnaskt Aastik: Jainendra kumar ki Jeevni /
_bJyotish Joshi
260 _aनई दिल्ली
_bराजकमल प्रकाशन
_c2019
270 _bनई दिल्ली
_aबी -1,नेताजी सुभाष मार्ग , दरयागंज
_e110002
300 _a199पृ.
_c22सेमी(सजिल्द )
500 _aराष्ट्रपति-2
650 _a साहित्य--निबंध
_x
650 _aहिंदी--निबंध
650 _aLiterature--Essays
650 _aHindi--Essays
700 _aद्रिवेदी, मुकुंद
_977990
942 _2ddc
_cHN
_h920
_mजोशीज्यो